| 000 | 01001 a2200229 4500 | ||
|---|---|---|---|
| 005 | 2008091000590.0 | ||
| 008 | 080910t xxu||||| |||| 00| 0 hin d | ||
| 010 | _aHIN-79529 | ||
| 020 |
_a8181661206 _c150.00 |
||
| 035 | _aHN-51875 | ||
| 037 | _bD.B.Act / pub | ||
| 082 | _a821 | ||
| 100 | _aभार्गव, निशा | ||
| 245 |
_aचिकने घड़े _cनिशा भार्गव |
||
| 260 |
_aदिल्ली _bमेधा बुक्स _c2006 |
||
| 270 |
_aएक्स-11,नवीन शाहदरा _bदिल्ली _e110032 _k22323672 _mmedhabooks@rediffmail.com |
||
| 300 |
_a135पृ _c22 सेमी (सजिल्द) |
||
| 650 | _aहिन्दी कविताएँ | ||
| 650 | _aHindi poems | ||
| 942 |
_adpl _cHN _k821 / भार्गव _2ddc _h821 _mभार्गव |
||
| 999 |
_c2922 _d2922 |
||